000 00615cam a22002291 4500
001 sa 64000039
003 DLC
005 20260227111953.0
008 801210m19639999ii 000 0 eng
010 _asa 64000039
035 _a(OCoLC)7024675
040 _aDLC
_cMnBemS
_dOCoLC
_dDLC
042 _apremarc
050 0 0 _aDS403
_b.D33
100 1 _aDas, Satyajit,
_eed.
245 1 0 _aSelections from the Indian journals.
250 _a[1st ed.]
260 _aCalcutta,
_bFirma K.L. Mukhopadhyay,
_c1963-
300 _a v.
_c22 cm.
505 1 _av. 1. Calcutta journal.
651 0 _aIndia
_xHistory
_xSources.
999 _c55981
_d55981